Statistics for Unique Initial Letter of Countries by Continent

Click here to take the quiz!

General Stats

  • This quiz has been taken 160 times
    (134 since last reset)
  • The average score is 21 of 31

Answer Stats

Country % Correct
Venezuela
90%
United States
86%
Uruguay
86%
Guyana
81%
Ecuador
81%
Qatar
81%
Suriname
80%
Argentina
79%
Oman
78%
Yemen
77%
Vanuatu
76%
Australia
75%
Jamaica
73%
Estonia
70%
Nicaragua
70%
Panama
69%
Kiribati
67%
Trinidad & Tobago
66%
Mexico
65%
El Salvador
64%
Hungary
63%
Denmark
63%
Kosovo
63%
Vatican City
63%
Antigua & Barbuda
63%
Uganda
56%
Vietnam
50%
Kenya
48%
Marshall Islands
46%
East Timor
32%
Georgia
31%

Score Distribution

Percentile by Number Answered

Percent of People with Each Score

Your Score History

You have not taken this quiz since the last reset